[Event "Festival A"]
[Site "Formia ITA"]
[Date "1994.07.20"]
[Round "5"]
[White "Foisor, Ovidiu-Doru"]
[Black "Sulava, Nenad"]
[Result "1/2-1/2"]
[WhiteElo "2440"]
[BlackElo "2410"]
[PlyCount "62"]
[EventDate "1994.07.16"]

1. c4 b6 2. b3 e5 3. Bb2 f6 4. d4 Bb4+ 5. Nc3 Ne7 6. e3 O-O 7. Bd3 exd4 8. exd4
d5 9. Nge2 Bf5 10. O-O Qd7 11. Nxd5 Nxd5 12. cxd5 Bxd3 13. Qxd3 Qxd5 14. Nf4
Qf7 15. d5 Nd7 16. Ne6 Nc5 17. Qc4 Nxe6 18. dxe6 Qe7 19. Rad1 Bd6 20. f4 b5 21.
Qe2 a5 22. f5 b4 23. Bc1 Rfd8 24. Be3 a4 25. Qc4 Ra5 26. g4 axb3 27. axb3 Rb8
28. Rd2 h6 29. Rfd1 Kh7 30. Bf4 Rc5 31. Qe4 Rc3 1/2-1/2

[Event "Festival A"]
[Site "Formia ITA"]
[Date "1994.07.20"]
[Round "5"]
[White "Gazik, Igor"]
[Black "Manca, Federico"]
[Result "1/2-1/2"]
[WhiteElo "2425"]
[BlackElo "2375"]
[PlyCount "121"]
[EventDate "1994.07.16"]

1. e4 d6 2. d4 Nf6 3. Nc3 g6 4. Be3 c6 5. f3 Nbd7 6. g4 h6 7. h4 b5 8. Qd2 Qa5
9. Nge2 Nb6 10. b3 Bg7 11. Ng3 h5 12. g5 Nfd7 13. Bg2 b4 14. Nce2 Ba6 15. O-O
c5 16. a3 cxd4 17. Bxd4 Bxd4+ 18. Qxd4 Qc5 19. Qxc5 dxc5 20. axb4 Bxe2 21. Nxe2
cxb4 22. Nd4 a5 23. Rfc1 O-O 24. Nc6 e6 25. Bf1 Kg7 26. Bb5 Rfc8 27. Rd1 Nb8
28. Rd6 Nxc6 29. Bxc6 Ra7 30. Bb5 Rb8 31. Rc6 Nc8 32. Bd3 Ne7 33. Rc5 Rba8 34.
Kf2 Nc8 35. e5 Ne7 36. Be4 Rc8 37. Raxa5 Rxa5 38. Rxa5 Nf5 39. Rb5 Nxh4 40.
Rxb4 Rc5 41. c4 Nf5 42. Rb5 Rc7 43. Bxf5 gxf5 44. f4 h4 45. Kg2 Rd7 46. c5 Kg6
47. Rb4 Rd2+ 48. Kh3 Kh5 49. c6 Rd3+ 50. Kh2 Rd2+ 51. Kh3 Rd3+ 52. Kh2 Rd2+ 53.
Kg1 Rd1+ 54. Kf2 h3 55. Kg3 Rd3+ 56. Kh2 Kg4 57. Rc4 Rd2+ 58. Kg1 Rd1+ 59. Kh2
Rd2+ 60. Kg1 Rd1+ 61. Kh2 1/2-1/2

[Event "Festival A"]
[Site "Formia ITA"]
[Date "1994.07.20"]
[Round "5"]
[White "Godena, Michele"]
[Black "Iashvili, Akaki"]
[Result "0-1"]
[WhiteElo "2485"]
[BlackElo "2425"]
[PlyCount "70"]
[EventDate "1994.07.16"]

1. e4 c5 2. c3 d6 3. d4 Nf6 4. Bd3 g6 5. h3 Bg7 6. Nf3 O-O 7. O-O Nc6 8. Be3 b6
9. Re1 Bb7 10. Nbd2 e5 11. dxe5 dxe5 12. Qc2 Nh5 13. Rad1 Qc7 14. Bf1 f5 15.
exf5 gxf5 16. Ng5 Nd8 17. Be2 Qc6 18. Bf3 Qg6 19. Bxb7 Nxb7 20. Ndf3 h6 21.
Qb3+ Kh8 22. Ne6 Rg8 23. Qd5 Rae8 24. Nc7 Bf6 25. Nh4 Bxh4 26. Nxe8 e4 27. g4
Rxe8 28. Qxb7 fxg4 29. Kh1 Qf5 30. Qd7 Qf3+ 31. Kh2 g3+ 32. fxg3 Bxg3+ 33. Kg1
Bf2+ 34. Kh2 Bg3+ 35. Kg1 Rg8 0-1

[Event "Festival A"]
[Site "Formia ITA"]
[Date "1994.07.20"]
[Round "5"]
[White "Grosar, Aljosa"]
[Black "Kovacevic, Slobodan"]
[Result "1-0"]
[WhiteElo "2430"]
[BlackElo "2380"]
[PlyCount "101"]
[EventDate "1994.07.16"]

1. e4 c5 2. Nf3 e6 3. c3 d5 4. e5 d4 5. Bd3 Bd7 6. O-O Bc6 7. Na3 Ne7 8. cxd4
Ng6 9. Bxg6 hxg6 10. dxc5 g5 11. d4 Be7 12. Nc4 g4 13. Ne1 Bxc5 14. Qxg4 Qxd4
15. Qxd4 Bxd4 16. Nc2 Bc5 17. Be3 Be7 18. Rac1 Bd5 19. Nd4 Nc6 20. Nxc6 Bxc6
21. Na5 Bd5 22. a3 g5 23. f3 Rh4 24. b4 f6 25. g3 Rh3 26. Nc4 Kd7 27. Rfd1 Rah8
28. Bxa7 Rxh2 29. Nb6+ Ke8 30. Nxd5 Rh1+ 31. Kf2 R8h2+ 32. Ke3 Rxd1 33. Rxd1
exd5 34. exf6 Bxf6 35. Rxd5 Ra2 36. Rd3 Bb2 37. Ke4 Bxa3 38. Bc5 b6 39. Bd6
Re2+ 40. Kf5 Bc1 41. Be5 Bd2 42. b5 Be1 43. g4 Bh4 44. Bf6 Rc2 45. Kg6 Rc8 46.
Rd6 Bg3 47. Rd5 Bc7 48. Bxg5 Ra8 49. f4 Ra4 50. f5 Rxg4 51. f6 1-0

[Event "Festival A"]
[Site "Formia ITA"]
[Date "1994.07.20"]
[Round "5"]
[White "Imbrogno, Rinaldo"]
[Black "Gagliardi, Pietro"]
[Result "0-1"]
[WhiteElo "1902"]
[BlackElo "2195"]
[PlyCount "112"]
[EventDate "1994.07.16"]

1. e4 c6 2. d3 d5 3. Nd2 g6 4. g3 Bg7 5. Bg2 e5 6. Ngf3 Ne7 7. O-O a5 8. Qe2 d4
9. Nc4 Qc7 10. a4 O-O 11. Nh4 b5 12. axb5 cxb5 13. Na3 b4 14. Nc4 Be6 15. f4
Bxc4 16. dxc4 Nd7 17. Bd2 Nc5 18. f5 f6 19. Nf3 Rfd8 20. Ne1 b3 21. Nd3 bxc2
22. Rac1 Rab8 23. fxg6 hxg6 24. Rxc2 Rb3 25. Rf3 Rdb8 26. g4 Nxd3 27. Rxd3 Rxb2
28. Rxb2 Rxb2 29. Bxa5 Rb1+ 30. Be1 Qxc4 31. Bf1 Bh6 32. Qf2 Qe6 33. Qe2 Kg7
34. Bf2 Qb6 35. Qf3 Rb2 36. Kh1 Rb1 37. Kg2 Qc5 38. Be2 Rb2 39. h4 Qc2 40. Bd1
Qc1 41. Rb3 Be3 42. Rxb2 Qxb2 43. Qe2 Qxe2 44. Bxe2 Bxf2 45. Kxf2 f5 46. exf5
gxf5 47. g5 Kg6 48. Kg3 Nd5 49. Bb5 Nc7 50. Bc4 Ne8 51. Kf3 Nd6 52. Be6 Kh5 53.
Bd7 e4+ 54. Kf4 e3 55. Bc6 Kxh4 56. g6 e2 0-1

[Event "Festival A"]
[Site "Formia ITA"]
[Date "1994.07.20"]
[Round "5"]
[White "Isonzo, David"]
[Black "Bacrot, Etienne"]
[Result "0-1"]
[WhiteElo "2124"]
[BlackElo "2300"]
[PlyCount "84"]
[EventDate "1994.07.16"]

1. d4 d5 2. c4 e6 3. Nc3 c6 4. cxd5 exd5 5. Nf3 Bd6 6. Bg5 Ne7 7. e3 Bf5 8. Bd3
Bg6 9. O-O O-O 10. Bh4 Nd7 11. Bg3 Nc8 12. Rb1 Bxg3 13. hxg3 Nd6 14. b4 b5 15.
Bxg6 hxg6 16. a4 a6 17. Qd3 Qe7 18. Rfe1 f5 19. Rec1 Nc4 20. a5 g5 21. Ne2 Rad8
22. Nd2 Nf6 23. Nf3 Nd7 24. Nd2 Qd6 25. Qc3 g6 26. Nb3 Kf7 27. Nc5 Nxc5 28.
dxc5 Qc7 29. Nd4 Rde8 30. Qd3 Re7 31. Re1 Ke8 32. Nf3 g4 33. Nd4 Kd7 34. Kf1
Re4 35. Ke2 f4 36. Rh1 Kc8 37. gxf4 Qxf4 38. Rbf1 g3 39. Nxc6 Qxf2+ 40. Rxf2
Rxf2+ 41. Ke1 Rxe3+ 42. Qxe3 Nxe3 0-1

[Event "Festival A"]
[Site "Formia ITA"]
[Date "1994.07.20"]
[Round "5"]
[White "Lanzani, Mario"]
[Black "Bartolini, Tommaso"]
[Result "1/2-1/2"]
[WhiteElo "2320"]
[BlackElo "2090"]
[PlyCount "43"]
[EventDate "1994.07.16"]

1. e4 c5 2. Nf3 d6 3. d4 cxd4 4. Nxd4 Nf6 5. Nc3 a6 6. Bc4 e6 7. Bb3 Nbd7 8. f4
Nc5 9. e5 dxe5 10. fxe5 Nxb3 11. axb3 Bc5 12. Be3 Nd5 13. Nxe6 Bxe6 14. Bxc5
Qg5 15. O-O Nxc3 16. bxc3 Qxe5 17. Ba3 Qd5 18. Qd4 Qxd4+ 19. cxd4 O-O-O 20.
Rfd1 Bf5 21. Rd2 Rhe8 22. Kf2 1/2-1/2

[Event "Festival A"]
[Site "Formia ITA"]
[Date "1994.07.20"]
[Round "5"]
[White "Mola, Pietro"]
[Black "Konopka, Michal"]
[Result "0-1"]
[WhiteElo "2175"]
[BlackElo "2455"]
[PlyCount "62"]
[EventDate "1994.07.16"]

1. e4 Nf6 2. e5 Nd5 3. Nc3 Nxc3 4. bxc3 d5 5. d4 c5 6. f4 Nc6 7. Nf3 Bg4 8. Be2
e6 9. O-O Be7 10. Rb1 Rb8 11. Be3 O-O 12. h3 Bxf3 13. Rxf3 Qa5 14. f5 exf5 15.
Qd3 Qxa2 16. Rbf1 g6 17. g4 cxd4 18. Bxd4 fxg4 19. hxg4 Bg5 20. Rf6 Nxd4 21.
cxd4 Qc4 22. Qxc4 dxc4 23. Rd6 b5 24. Rd7 a5 25. c3 Bd2 26. Rf3 a4 27. Ra7 Ra8
28. Rfxf7 Rxa7 29. Rxa7 Bxc3 30. Rb7 Bxd4+ 31. Kh1 Rf2 0-1

[Event "Festival A"]
[Site "Formia ITA"]
[Date "1994.07.20"]
[Round "5"]
[White "Naumkin, Igor"]
[Black "Malaniuk, Vladimir P."]
[Result "1/2-1/2"]
[WhiteElo "2475"]
[BlackElo "2610"]
[PlyCount "37"]
[EventDate "1994.07.16"]

1. d4 f5 2. Nf3 Nf6 3. g3 g6 4. Bg2 Bg7 5. O-O O-O 6. c4 d6 7. Nc3 Qe8 8. d5
Na6 9. Be3 c5 10. Ne1 h6 11. Nd3 g5 12. Bd2 Qg6 13. a3 Ne4 14. Rc1 e6 15. b4
Bxc3 16. Bxc3 Nxc3 17. Rxc3 e5 18. b5 Nc7 19. f4 1/2-1/2

[Event "Festival A"]
[Site "Formia ITA"]
[Date "1994.07.20"]
[Round "5"]
[White "Nurkic, Sahbaz"]
[Black "Dizdarevic, Emir"]
[Result "1-0"]
[WhiteElo "2415"]
[BlackElo "2495"]
[PlyCount "81"]
[EventDate "1994.07.16"]

1. e4 g6 2. d4 Bg7 3. Nc3 c6 4. Nf3 Nf6 5. e5 Nd5 6. Nxd5 cxd5 7. Bf4 Qb6 8.
Qc1 Nc6 9. c3 f6 10. exf6 Bxf6 11. Bd3 d6 12. O-O Bg4 13. Bxd6 Bxf3 14. Bc5 Qc7
15. gxf3 e5 16. Re1 O-O-O 17. Bb5 Rhe8 18. Qh6 Kb8 19. Bxc6 bxc6 20. Re3 Bg7
21. Qg5 Re6 22. Rae1 Rde8 23. Kg2 Kb7 24. dxe5 Rxe5 25. Qg4 a5 26. f4 Re4 27.
Rxe4 Rxe4 28. Rxe4 dxe4 29. Be3 Qf7 30. Qg5 Qc7 31. Qc5 Bf6 32. Qa7+ Kc8 33.
Qa8+ Kd7 34. Qg8 Kd6 35. b4 axb4 36. cxb4 Qg7 37. Bc5+ Kd7 38. Qb8 Ke6 39. Qd6+
Kf7 40. Qxc6 g5 41. Qd5+ 1-0

[Event "Festival A"]
[Site "Formia ITA"]
[Date "1994.07.20"]
[Round "5"]
[White "Ortega, Lexy"]
[Black "Kharkova, Elena"]
[Result "1/2-1/2"]
[WhiteElo "2450"]
[BlackElo "2205"]
[PlyCount "90"]
[EventDate "1994.07.16"]

1. d4 d5 2. c4 e6 3. Nc3 Bb4 4. Nf3 Nf6 5. cxd5 exd5 6. Bg5 h6 7. Bxf6 Qxf6 8.
Qa4+ Nc6 9. e3 O-O 10. Be2 Be6 11. O-O a6 12. Ne1 Bd6 13. Nd3 Rfd8 14. b4 Ne7
15. Nc5 Bc8 16. Qb3 c6 17. a4 Ng6 18. Rfe1 Nh4 19. Bf1 Bg4 20. Ne2 Bxe2 21.
Rxe2 Rab8 22. Rd1 Qg6 23. h3 Re8 24. b5 axb5 25. axb5 Re7 26. Qc2 f5 27. bxc6
bxc6 28. Kh1 Rbe8 29. Rde1 Bxc5 30. dxc5 f4 31. Qxg6 Nxg6 32. exf4 Rxe2 33.
Rxe2 Rxe2 34. Bxe2 Nxf4 35. Bg4 Nd3 36. Bd7 Nxc5 37. Bxc6 d4 38. Kg1 Kf7 39.
Kf1 Ke6 40. f4 Kf5 41. g3 Ne4 42. Kg2 Nd2 43. Kf2 Ne4+ 44. Kf3 Nc5 45. Bd5 Kf6
1/2-1/2

[Event "Festival A"]
[Site "Formia ITA"]
[Date "1994.07.20"]
[Round "5"]
[White "Pagnoncelli, Marco"]
[Black "Picardi, Angelo"]
[Result "1/2-1/2"]
[WhiteElo "1900"]
[BlackElo "2123"]
[PlyCount "63"]
[EventDate "1994.07.16"]

1. e4 c5 2. Nf3 d6 3. d4 cxd4 4. Nxd4 Nf6 5. Nc3 g6 6. Be3 Bg7 7. f3 Nc6 8. Bc4
O-O 9. Qd2 Bd7 10. Bb3 Ne5 11. h4 Qa5 12. O-O-O Rfc8 13. g4 Rc4 14. Nd5 Qxd2+
15. Rxd2 Rxd4 16. Nxf6+ Bxf6 17. Bxd4 Nxf3 18. Bxf6 Nxd2 19. Bxe7 Nxe4 20. Re1
Bc6 21. Rd1 Re8 22. Bxd6 Rd8 23. Be5 Rxd1+ 24. Kxd1 Nf2+ 25. Ke2 Nxg4 26. Bd4
a6 27. c3 h6 28. Bd1 f6 29. b4 b5 30. Bb3+ Kg7 31. Be6 Ne5 32. Bc8 1/2-1/2

[Event "Festival A"]
[Site "Formia ITA"]
[Date "1994.07.20"]
[Round "5"]
[White "Ragozin, Evgeni"]
[Black "Giorgadze, Giorgi"]
[Result "0-1"]
[WhiteElo "2510"]
[BlackElo "2565"]
[PlyCount "172"]
[EventDate "1994.07.16"]

1. c4 e5 2. Nc3 Nc6 3. g3 g6 4. Bg2 Bg7 5. Rb1 Nf6 6. b4 O-O 7. b5 Ne7 8. c5 d5
9. cxd6 cxd6 10. Ba3 Bf5 11. e4 Be6 12. Nge2 Qd7 13. O-O Rfc8 14. Bb4 a5 15.
Ba3 Qd8 16. h3 Rc7 17. Qe1 Bc4 18. d3 Bxd3 19. Rd1 Bxe2 20. Nxe2 Ne8 21. Qd2
Nc8 22. Nc3 Nb6 23. Nd5 Nc4 24. Qd3 Rcc8 25. Rc1 Nxa3 26. Qxa3 Bh6 27. Rxc8
Rxc8 28. b6 Rc5 29. Rd1 Nf6 30. Nc7 Qd7 31. Qxc5 dxc5 32. Rxd7 Nxd7 33. Nd5 c4
34. Bf1 c3 35. Nxc3 Nxb6 36. Nb5 Bf8 37. Kg2 f6 38. Be2 Kf7 39. Bd1 f5 40. Bb3+
Kf6 41. Nc3 Nc8 42. Nd5+ Kg7 43. exf5 gxf5 44. Ne3 Kf6 45. g4 f4 46. Nd5+ Kg5
47. Bc2 h6 48. Nc7 Bb4 49. Nb5 Ne7 50. Be4 b6 51. Bb7 Ng6 52. Nc7 Bd6 53. Nd5
Nh4+ 54. Kf1 Bc5 55. Nc3 f3 56. Bc6 Bd4 57. Ne4+ Kf4 58. Ng3 Bc5 59. Nh5+ Kg5
60. Ng3 Bb4 61. Nh5 Bd2 62. Kg1 Bb4 63. Kf1 Bc5 64. Kg1 Ng6 65. Bxf3 b5 66. Bc6
b4 67. Kg2 Nh4+ 68. Kf1 Bd4 69. Kg1 Bb6 70. Kf1 Bc7 71. Ng7 Bb6 72. Nh5 Ba7 73.
Ng7 Ng6 74. Ne6+ Kh4 75. Kg2 Ne7 76. Be4 a4 77. f4 b3 78. a3 Be3 79. f5 Ng8 80.
Kf3 Nf6 81. Bb1 Bb6 82. Kg2 Nd7 83. Kf3 Ba5 84. Ke4 Bb4 85. Kd5 Bxa3 86. Kc6
Bb4 0-1

[Event "Festival A"]
[Site "Formia ITA"]
[Date "1994.07.20"]
[Round "5"]
[White "Robovic, Saudin"]
[Black "Langeweg, Kick"]
[Result "0-1"]
[WhiteElo "2415"]
[BlackElo "2390"]
[PlyCount "62"]
[EventDate "1994.07.16"]

1. e4 c5 2. Nf3 e6 3. d3 Nc6 4. g3 g6 5. d4 cxd4 6. Nxd4 d6 7. Nc3 a6 8. Be3
Nf6 9. Be2 Bd7 10. O-O Bg7 11. Qd2 Nxd4 12. Bxd4 Bc6 13. Bf3 O-O 14. Rfd1 Qc7
15. a4 Rfd8 16. a5 Nd7 17. Bxg7 Kxg7 18. Bg2 Nf6 19. Qd4 e5 20. Qb4 Rab8 21.
Qc4 Rbc8 22. Rd2 Be8 23. Qxc7 Rxc7 24. Rad1 Rc5 25. Rxd6 Rxd6 26. Rxd6 Rxa5 27.
Kf1 Bc6 28. Ke2 Ra1 29. Nd5 Rg1 30. Nxf6 Rxg2 31. Kf1 Rxh2 0-1

[Event "Festival A"]
[Site "Formia ITA"]
[Date "1994.07.20"]
[Round "5"]
[White "Scacco, Mauro"]
[Black "Nannelli, Paolo"]
[Result "1/2-1/2"]
[WhiteElo "1998"]
[BlackElo "1992"]
[PlyCount "58"]
[EventDate "1994.07.16"]

1. Nf3 d5 2. g3 Nf6 3. Bg2 Bf5 4. d3 c6 5. Nbd2 e6 6. O-O h6 7. Re1 Be7 8. h3
O-O 9. c3 a5 10. Qb3 Qc7 11. a4 Nbd7 12. e4 Nc5 13. Qc2 Bh7 14. b4 axb4 15.
cxb4 Na6 16. Ba3 Nxb4 17. Qb3 Na6 18. Bxe7 Qxe7 19. a5 dxe4 20. dxe4 Rfd8 21.
e5 Nd5 22. Nc4 Qb4 23. Nd4 Nc5 24. Qxb4 Nxb4 25. Nb6 Rab8 26. Red1 Nd5 27. Bxd5
exd5 28. f4 Be4 29. Rdc1 Na6 1/2-1/2

[Event "Festival A"]
[Site "Formia ITA"]
[Date "1994.07.20"]
[Round "5"]
[White "Schmidt-Wilke, Jens"]
[Black "Blancke, Stefan"]
[Result "1/2-1/2"]
[WhiteElo "2085"]
[BlackElo "2275"]
[PlyCount "23"]
[EventDate "1994.07.16"]

1. e4 c6 2. d4 d5 3. e5 Bf5 4. h4 h5 5. Ne2 e6 6. Ng3 Bg6 7. Be2 Be7 8. Bxh5
Bxh5 9. Nxh5 g6 10. Nf4 Rxh4 11. Rxh4 Bxh4 12. Qg4 1/2-1/2

[Event "Festival A"]
[Site "Formia ITA"]
[Date "1994.07.20"]
[Round "5"]
[White "Sedina, Elena"]
[Black "Vignato, Giovanni"]
[Result "1-0"]
[WhiteElo "2335"]
[BlackElo "1960"]
[PlyCount "35"]
[EventDate "1994.07.16"]

1. e4 c6 2. d4 d5 3. Nd2 dxe4 4. Nxe4 Bf5 5. Ng3 Bg6 6. N1e2 Nf6 7. Nf4 e5 8.
Nxg6 hxg6 9. dxe5 Qxd1+ 10. Kxd1 Ng4 11. Ne4 Nxe5 12. Bf4 Nbd7 13. c3 O-O-O 14.
Kc2 Ng4 15. Be2 Ndf6 16. Ng5 Nh6 17. Rad1 Nd5 18. Nxf7 1-0

[Event "Festival A"]
[Site "Formia ITA"]
[Date "1994.07.20"]
[Round "5"]
[White "Siraco, Maurizio"]
[Black "Vujovic, Milorad"]
[Result "0-1"]
[WhiteElo "2082"]
[BlackElo "2270"]
[PlyCount "107"]
[EventDate "1994.07.16"]

1. e4 c5 2. Nf3 a6 3. d4 cxd4 4. Nxd4 Nf6 5. Nc3 e5 6. Nde2 Bc5 7. Ng3 Qb6 8.
Qf3 Nc6 9. Nf5 O-O 10. Bd3 Nd4 11. Nxd4 exd4 12. Ne2 d5 13. e5 Ne4 14. O-O f6
15. Qh5 g6 16. Qh4 fxe5 17. Bh6 Qf6 18. Qxf6 Rxf6 19. f4 Bg4 20. fxe5 Rxf1+ 21.
Kxf1 Re8 22. Nf4 Nd2+ 23. Kg1 Rxe5 24. Nxg6 hxg6 25. Bxd2 Bf5 26. Re1 Be4 27.
Re2 Kf7 28. Be1 Re6 29. Kf1 Bd6 30. g3 Kf6 31. Bf2 Ke5 32. Ke1 g5 33. c3 dxc3
34. bxc3 Kf5 35. Bxe4+ Rxe4 36. Rxe4 Kxe4 37. h4 g4 38. Ke2 Be5 39. Be1 b5 40.
Kd2 Kf3 41. h5 Ke4 42. h6 Kf5 43. Kd3 Kg6 44. Bd2 a5 45. Be3 a4 46. Bd2 Bxg3
47. Kd4 Bf2+ 48. Kxd5 g3 49. Bf4 g2 50. Bh2 Kxh6 51. Kc6 Kh5 52. Kxb5 Kg4 53.
c4 Kh3 54. c5 0-1

[Event "Festival A"]
[Site "Formia ITA"]
[Date "1994.07.20"]
[Round "5"]
[White "Tribuiani, Renato"]
[Black "Marinelli, Tullio"]
[Result "0-1"]
[WhiteElo "1996"]
[BlackElo "2375"]
[PlyCount "104"]
[EventDate "1994.07.16"]

1. d4 Nf6 2. Nf3 e6 3. Bg5 c5 4. e3 Be7 5. c3 b6 6. Nbd2 Bb7 7. Bd3 Nc6 8. O-O
O-O 9. Rc1 Nd5 10. Bxe7 Qxe7 11. c4 Nf6 12. Ne5 cxd4 13. Nxc6 dxc6 14. exd4 c5
15. dxc5 Qxc5 16. Qe2 Rad8 17. Rfd1 Rd4 18. Nf1 Rfd8 19. Ne3 Nh5 20. Nd5 g6 21.
b4 Qd6 22. Bxg6 Rxd1+ 23. Rxd1 hxg6 24. Nf6+ Nxf6 25. Rxd6 Rxd6 26. f3 Nd7 27.
Qe3 Kg7 28. a4 e5 29. a5 Rd4 30. axb6 axb6 31. Qc3 Ba6 32. c5 bxc5 33. bxc5 Rc4
34. Qa1 Bb5 35. Qb2 Bc6 36. h3 Rxc5 37. Qd2 Bd5 38. Kh2 Be6 39. Kg1 Rd5 40. Qb2
f6 41. Qb4 Nc5 42. Qb6 Bf7 43. Qc7 Ne6 44. Qc2 Ra5 45. h4 Nf4 46. Qc7 Ra1+ 47.
Kh2 Ra2 48. Kh1 Nxg2 49. h5 gxh5 50. Qd7 Nf4 51. Qf5 Ra3 52. Qe4 Rxf3 0-1

[Event "Festival A"]
[Site "Formia ITA"]
[Date "1994.07.21"]
[Round "6"]
[White "Accardo, Francesco"]
[Black "Imbrogno, Rinaldo"]
[Result "1-0"]
[WhiteElo "1991"]
[BlackElo "1902"]
[PlyCount "93"]
[EventDate "1994.07.16"]

1. e4 d6 2. Bc4 Nf6 3. Nc3 c6 4. Nf3 b5 5. Bb3 e5 6. a4 b4 7. Ne2 a5 8. c3 Qb6
9. Ng3 Be7 10. Bc2 O-O 11. O-O Bg4 12. h3 Be6 13. d4 Nbd7 14. Be3 Qc7 15. Rc1
bxc3 16. bxc3 d5 17. Ng5 g6 18. Nxe6 fxe6 19. Bh6 Rf7 20. Bb3 Bf8 21. Bg5 Bg7
22. c4 Qb6 23. dxe5 Nxe5 24. Be3 Qb7 25. cxd5 cxd5 26. f4 Nc6 27. f5 Nb4 28.
fxe6 Re7 29. Rxf6 Bxf6 30. exd5 Rd8 31. Ne4 Be5 32. Bg5 Rxd5 33. Bxd5 Nxd5 34.
Bxe7 Nxe7 35. Qd7 Qxe4 36. Qe8+ Kg7 37. Qxe7+ Kh6 38. Qf8+ Bg7 39. Qc8 Bd4+ 40.
Kh1 Be5 41. Qc4 Qe3 42. Qh4+ Kg7 43. Rf1 h5 44. Qf2 Qg5 45. Qf7+ Kh6 46. Qf8+
Bg7 47. e7 1-0

[Event "Festival A"]
[Site "Formia ITA"]
[Date "1994.07.21"]
[Round "6"]
[White "Bevilacqua, Roberto"]
[Black "Pagnoncelli, Marco"]
[Result "0-1"]
[WhiteElo "2054"]
[BlackElo "1900"]
[PlyCount "98"]
[EventDate "1994.07.16"]

1. f4 c5 2. Nf3 Nf6 3. g3 d6 4. Bg2 g6 5. O-O Bg7 6. d3 O-O 7. Nc3 Nc6 8. e4 e5
9. Ne2 b6 10. h3 Re8 11. c3 Ba6 12. c4 Qc7 13. g4 exf4 14. Bxf4 Nd7 15. Rb1
Nde5 16. Nc3 Nxf3+ 17. Bxf3 Ne5 18. Nd5 Qd8 19. Bg2 Bb7 20. Ne3 Bc6 21. Qd2 Rb8
22. Rbd1 Qd7 23. g5 Red8 24. Qf2 b5 25. b3 b4 26. Qh4 Qe7 27. Bxe5 Bxe5 28. Ng4
Bg7 29. Rd2 h5 30. Nf6+ Bxf6 31. gxf6 Qe5 32. Rf3 Kf8 33. Rdf2 Ke8 34. Rg3 a5
35. Rg5 Qa1+ 36. Kh2 Qd4 37. Qg3 Kd7 38. h4 Rf8 39. Bh3+ Kc7 40. e5 dxe5 41.
Rxe5 Kb6 42. Re7 Rb7 43. Bg2 Bxg2 44. Kxg2 Rd8 45. Qf3 Rdd7 46. Rfe2 Qxh4 47.
Qe4 Qg5+ 48. Kh2 Qxf6 49. Qxb7+ Rxb7 0-1

[Event "Festival A"]
[Site "Formia ITA"]
[Date "1994.07.21"]
[Round "6"]
[White "Blancke, Stefan"]
[Black "Tribuiani, Renato"]
[Result "0-1"]
[WhiteElo "2275"]
[BlackElo "1996"]
[PlyCount "102"]
[EventDate "1994.07.16"]

1. d4 d5 2. c4 e6 3. g3 c6 4. Nf3 f5 5. Bg2 Bd6 6. O-O Nf6 7. b3 Qe7 8. Bb2 O-O
9. Qc1 Nbd7 10. Ne5 Ne4 11. Nd3 h6 12. Nd2 Nxd2 13. Qxd2 Nf6 14. f3 Bd7 15.
Rae1 Be8 16. Bc3 Bg6 17. e3 Bh7 18. a4 g5 19. Ne5 Kh8 20. Rf2 Kg7 21. Bf1 g4
22. Bd3 gxf3 23. Rxf3 Ne4 24. Bxe4 dxe4 25. Rf2 Bxe5 26. dxe5 Rfd8 27. Qc2 Rd3
28. Rd2 Rxd2 29. Bxd2 Bg6 30. Bc3 Bh5 31. b4 Rd8 32. Rb1 Bf3 33. Bd4 a6 34. Kf2
h5 35. Bc5 Qg5 36. h4 Qg4 37. Rg1 Qh3 38. Ke1 Rd1+ 39. Qxd1 Bxd1 40. Kxd1 Qh2
41. Re1 Qa2 42. a5 Qb1+ 43. Ke2 Qd3+ 44. Kf2 Qd2+ 45. Re2 Qd1 46. Be7 Qh1 47.
Bf6+ Kf7 48. Re1 Qf3+ 49. Kg1 Qxg3+ 50. Kf1 f4 51. exf4 e3 0-1

[Event "Festival A"]
[Site "Formia ITA"]
[Date "1994.07.21"]
[Round "6"]
[White "Cialdea, Alberto"]
[Black "Scacco, Mauro"]
[Result "0-1"]
[WhiteElo "1900"]
[BlackElo "1998"]
[PlyCount "100"]
[EventDate "1994.07.16"]

1. e4 e5 2. Nf3 Nc6 3. Bb5 a6 4. Ba4 Nf6 5. O-O Be7 6. Re1 b5 7. Bb3 O-O 8. a4
Na5 9. Ba2 Bb7 10. d3 d6 11. b4 Nc6 12. c3 Nb8 13. Bb2 Nbd7 14. Nbd2 c5 15. a5
Qc7 16. Rc1 d5 17. exd5 Bxd5 18. c4 Bxf3 19. Nxf3 cxb4 20. cxb5 Qxa5 21. Ra1
Qxb5 22. Bc4 Qb6 23. Nxe5 Nxe5 24. Bxe5 a5 25. d4 Rac8 26. Bb3 Rfd8 27. h3 h6
28. Re2 Bf8 29. Rea2 Nd7 30. Qf3 Nxe5 31. dxe5 Qg6 32. Qb7 Rc3 33. Bd5 Rc5 34.
Be4 Qg5 35. Bc2 Qxe5 36. Bb3 Rc7 37. Qa6 Bd6 38. g3 Bc5 39. Kh2 Ra7 40. Qf1 Bd4
41. Rd1 Re8 42. Rad2 Bc3 43. Rd7 Re7 44. Rd8+ Kh7 45. Qd3+ g6 46. Kg1 a4 47.
Bc4 a3 48. Ba2 Qe2 49. Qb1 Rac7 50. Qb3 Be1 0-1

[Event "Festival A"]
[Site "Formia ITA"]
[Date "1994.07.21"]
[Round "6"]
[White "Djuric, Stefan"]
[Black "Langeweg, Kick"]
[Result "1-0"]
[WhiteElo "2485"]
[BlackElo "2390"]
[PlyCount "117"]
[EventDate "1994.07.16"]

1. Nf3 Nf6 2. c4 c5 3. Nc3 Nc6 4. g3 d5 5. cxd5 Nxd5 6. Bg2 g6 7. Qb3 Ndb4 8.
O-O Bg7 9. d3 O-O 10. Be3 b6 11. Qd1 Bb7 12. Rc1 Rc8 13. Qa4 Na5 14. a3 Bc6 15.
Qd1 Nd5 16. Bd2 c4 17. Nxd5 Qxd5 18. Bc3 cxd3 19. Bxg7 Kxg7 20. b4 Nb3 21. e4
Qe6 22. Rb1 Ba4 23. Qxd3 Rfd8 24. Qe3 Qc4 25. h4 Rd3 26. Qf4 f6 27. h5 g5 28.
Nxg5 fxg5 29. Qxg5+ Kf8 30. Bh3 Rc6 31. b5 Rf6 32. h6 Qg8 33. Qe5 Nd2 34. Qb8+
Kf7 35. Qxa7 Nxf1 36. Qxa4 Nxg3 37. Qc4+ Kf8 38. Qxd3 Nxe4+ 39. Bg2 Nd6 40. a4
Rxh6 41. a5 Rg6 42. Qf3+ Rf6 43. Qa8+ Ne8 44. a6 Rxf2 45. a7 Qa2 46. Qxe8+ Kxe8
47. a8=Q+ Qxa8 48. Bxa8 Rf6 49. Bc6+ Kf7 50. Ra1 Rg6+ 51. Kf2 Rg8 52. Ra6 Rb8
53. Kg3 Ke6 54. Kf4 Kd6 55. Ra1 h5 56. Rd1+ Ke6 57. Bd5+ Kf6 58. Re1 Rf8 59.
Re6+ 1-0

[Event "Festival A"]
[Site "Formia ITA"]
[Date "1994.07.21"]
[Round "6"]
[White "Gagliardi, Pietro"]
[Black "Schmidt-Wilke, Jens"]
[Result "1/2-1/2"]
[WhiteElo "2195"]
[BlackElo "2085"]
[PlyCount "84"]
[EventDate "1994.07.16"]

1. e4 e6 2. d4 d5 3. Nd2 Nf6 4. e5 Nfd7 5. Bd3 c5 6. c3 Nc6 7. Ne2 cxd4 8. cxd4
f6 9. exf6 Nxf6 10. O-O Bd6 11. Nf3 Qc7 12. Nc3 a6 13. Bg5 O-O 14. Bh4 Nh5 15.
Rc1 g6 16. Be2 Qg7 17. Na4 h6 18. Bg3 Nxg3 19. hxg3 g5 20. Nc5 g4 21. Ne5 Bxe5
22. dxe5 Nxe5 23. Nd3 Nxd3 24. Qxd3 Rf7 25. Rc5 Bd7 26. Qe3 Re8 27. Rc7 Bc6 28.
Rxf7 Kxf7 29. Qf4+ Qf6 30. Bxg4 Qxf4 31. gxf4 Kf6 32. Rd1 Rd8 33. Rd4 e5 34.
fxe5+ Kxe5 35. Rd2 d4 36. g3 Kf6 37. f3 Kg5 38. Kf2 Rd6 39. Bh3 h5 40. f4+ Kf6
41. Bg2 Kf5 42. Bh3+ Kf6 1/2-1/2

[Event "Festival A"]
[Site "Formia ITA"]
[Date "1994.07.21"]
[Round "6"]
[White "Kharkova, Elena"]
[Black "Loeffler, Stefan"]
[Result "1/2-1/2"]
[WhiteElo "2205"]
[BlackElo "2420"]
[PlyCount "58"]
[EventDate "1994.07.16"]

1. d4 Nf6 2. Nf3 g6 3. Bg5 Bg7 4. c3 b6 5. Nbd2 Bb7 6. Qc2 c5 7. e3 d6 8. Bc4
Nbd7 9. O-O Rc8 10. Qb3 O-O 11. Rfe1 Qc7 12. Rac1 d5 13. Be2 e5 14. Bh4 cxd4
15. exd4 e4 16. Bg3 Qd8 17. Ne5 Bh6 18. Rcd1 e3 19. Nf1 exf2+ 20. Bxf2 Ne4 21.
Bf3 Nxe5 22. dxe5 Qe7 23. Bd4 Bf4 24. Ne3 Qh4 25. g3 Bxg3 26. hxg3 Qxg3+ 27.
Bg2 Qf2+ 28. Kh1 Qh4+ 29. Kg1 Qf2+ 1/2-1/2

[Event "Festival A"]
[Site "Formia ITA"]
[Date "1994.07.21"]
[Round "6"]
[White "Konopka, Michal"]
[Black "Robovic, Saudin"]
[Result "1/2-1/2"]
[WhiteElo "2455"]
[BlackElo "2415"]
[PlyCount "27"]
[EventDate "1994.07.16"]

1. Nf3 c5 2. c4 Nc6 3. Nc3 g6 4. e3 Bg7 5. d4 d6 6. d5 Ne5 7. Nxe5 Bxe5 8. Qc2
f5 9. Bd3 Nh6 10. h3 O-O 11. Bd2 a6 12. f4 Bg7 13. O-O-O Bd7 14. g4 1/2-1/2